000 02109nam0a2200337 4500
001 RU\NLR\BIBL_A\012504518
005 20210527094259.0
010 _a978-5-907386-15-0
_9300
021 _aRU
_bКН-П-20-080836
_9КН-П-20-6128
035 _a(NLR Aleph) 012504518
035 _a(RuMoRGB)010514372
090 _a12245960
_c12245960
100 _a20210416d2019 u y0rusy50 ca
101 0 _arus
102 _aRU
105 _aa|||j|||000zy
200 1 _aЧисловые и функциональные ряды
_eприемы решения задач с основами теории: учебное пособие
_fТ.А. Селеменева, М.С. Крюкова
_gМинистерство Российской Федерации по делам гражданской обороны, чрезвычайным ситуациям и ликвидации последствий стихийных бедствий, Санкт-Петербургский университет государственной противопожарной службы
210 _aСанкт-Петербург
_cСанкт-Петербургский университет ГПС МЧС России
_d2019
215 _a143, [1] с.
_d21
300 _aНа концевой с. 1-й авт.: Т.А. Селеменева, к.п.н., доц.
320 _aБиблиогр.: с. 135-136 (17 назв.)
606 1 _aЧисловые ряды
_jУчебные издания для высших учебных заведений
_xВычисление
_92329686
_3RU\NLR\AUTH\661393223
606 1 _aФункциональные ряды
_jУчебные издания для высших учебных заведений
_xВычисление
_92329680
_3RU\NLR\AUTH\661393221
686 1 _aВ161.3я73-41
700 1 _aСелеменева
_bТ. А.
_gТатьяна Александровна
701 1 _aКрюкова
_bМ. С.
_gМарина Сергеевна
942 _cBOOK
980 _aNBR
980 _aNB